[Event "Turniej Przyjazni Polsko-Wegierskiej"]
[Site "Katowice"]
[Date "2018.05.05"]
[Round "5.18"]
[White "Malinowski, Damian"]
[Black "Kyc, Jerzy"]
[Result "0-1"]
[BlackElo "2267"]
[WhiteElo "1869"]
[LiveChessVersion "1.4.8"]

1. c4 {[%clk 0:15:19]} Nf6 {[%clk 0:15:19]} 2. Nc3 {[%clk 0:15:28]} e5
{[%clk 0:15:28]} 3. g3 {[%clk 0:15:36]} Nc6 {[%clk 0:15:37]} 4. Bg2
{[%clk 0:15:43]} Bc5 {[%clk 0:15:42]} 5. Nf3 {[%clk 0:15:43]} O-O
{[%clk 0:15:47]} 6. O-O {[%clk 0:15:50]} d6 {[%clk 0:14:20]} 7. d3
{[%clk 0:15:56]} h6 {[%clk 0:14:27]} 8. a3 {[%clk 0:15:58]} a5 {[%clk 0:14:36]}
9. b3 {[%clk 0:15:32]} Bf5 {[%clk 0:14:34]} 10. Bb2 {[%clk 0:14:53]} Qd7
{[%clk 0:14:42]} 11. Rc1 {[%clk 0:14:44]} Bh3 {[%clk 0:14:50]} 12. Nd5
{[%clk 0:14:45]} Nxd5 {[%clk 0:14:30]} 13. cxd5 {[%clk 0:14:53]} Bxg2
{[%clk 0:14:14]} 14. Kxg2 {[%clk 0:14:24]} Nd4 {[%clk 0:13:45]} 15. Nxd4
{[%clk 0:12:49]} exd4 {[%clk 0:13:54]} 16. b4 {[%clk 0:12:33]} axb4
{[%clk 0:13:37]} 17. axb4 {[%clk 0:12:42]} Bb6 {[%clk 0:13:05]} 18. Rc4
{[%clk 0:11:55]} Qf5 {[%clk 0:12:40]} 19. Bxd4 {[%clk 0:11:39]} Qxd5+
{[%clk 0:12:48]} 20. e4 {[%clk 0:11:48]} Qb5 {[%clk 0:12:57]} 21. Bxb6
{[%clk 0:11:44]} Qxb6 {[%clk 0:13:05]} 22. Qc2 {[%clk 0:10:10]} c6
{[%clk 0:13:13]} 23. f4 {[%clk 0:09:59]} Ra3 {[%clk 0:13:16]} 24. Rf2
{[%clk 0:08:47]} Rfa8 {[%clk 0:12:24]} 25. Qd1 {[%clk 0:05:33]} Qe3
{[%clk 0:10:05]} 26. Qf3 {[%clk 0:03:01]} Rxd3 {[%clk 0:10:02]} 27. Qxe3
{[%clk 0:03:08]} Rxe3 {[%clk 0:10:11]} 28. Rd2 {[%clk 0:03:14]} Re8
{[%clk 0:10:02]} 29. Rxd6 {[%clk 0:02:56]} R3xe4 {[%clk 0:10:05]} 30. Rxe4
{[%clk 0:03:00]} Rxe4 {[%clk 0:10:14]} 31. b5 {[%clk 0:03:08]} cxb5
{[%clk 0:10:12]} 32. Rb6 {[%clk 0:03:13]} b4 {[%clk 0:10:08]} 33. Rxb7
{[%clk 0:03:02]} g6 {[%clk 0:10:15]} 34. Kf3 {[%clk 0:03:06]} Rc4
{[%clk 0:10:24]} 35. Ke3 {[%clk 0:02:23]} Kg7 {[%clk 0:10:03]} 36. Kd3
{[%clk 0:02:31]} Rc3+ {[%clk 0:10:12]} 37. Kd2 {[%clk 0:02:31]} Ra3
{[%clk 0:10:13]} 38. Rxb4 {[%clk 0:02:33]} Ra2+ {[%clk 0:10:22]} 39. Ke3
{[%clk 0:02:41]} Rxh2 {[%clk 0:10:30]} 40. Rb6 {[%clk 0:02:32]} h5
{[%clk 0:10:31]} 41. Kf3 {[%clk 0:02:34]} Rd2 {[%clk 0:10:35]} 42. Rb7
{[%clk 0:02:27]} Kf6 {[%clk 0:10:39]} 43. Rb6+ {[%clk 0:02:31]} Ke7
{[%clk 0:10:47]} 44. Rb7+ {[%clk 0:02:27]} Rd7 {[%clk 0:10:56]} 45. Rb6
{[%clk 0:02:11]} Rd6 {[%clk 0:11:05]} 46. Rb7+ {[%clk 0:02:13]} Ke6
{[%clk 0:11:14]} 47. Rb3 {[%clk 0:02:12]} Rd5 {[%clk 0:11:21]} 48. Re3+
{[%clk 0:01:55]} Kf5 {[%clk 0:11:30]} 49. Rc3 {[%clk 0:01:58]} f6
{[%clk 0:11:23]} 50. Ra3 {[%clk 0:01:56]} Rb5 {[%clk 0:11:19]} 51. Rc3
{[%clk 0:01:49]} Rd5 {[%clk 0:10:38]} 52. Rb3 {[%clk 0:01:51]} Ke6
{[%clk 0:10:01]} 53. Rb6+ {[%clk 0:01:48]} Rd6 {[%clk 0:10:01]} 54. Rb3
{[%clk 0:01:55]} Rd7 {[%clk 0:09:56]} 55. Rb6+ {[%clk 0:02:00]} Kf7
{[%clk 0:10:04]} 56. Rb3 {[%clk 0:02:05]} Kg7 {[%clk 0:10:09]} 57. Kg2
{[%clk 0:01:49]} Kh6 {[%clk 0:10:12]} 58. Rb6 {[%clk 0:01:48]} Kg7
{[%clk 0:10:16]} 59. Rb3 {[%clk 0:01:50]} Rd5 {[%clk 0:10:00]} 60. Kh3
{[%clk 0:01:35]} Rd1 {[%clk 0:09:05]} 61. Kg2 {[%clk 0:01:24]} Rd5
{[%clk 0:07:31]} 62. Kh3 {[%clk 0:01:15]} Kh6 {[%clk 0:07:39]} 63. Rb6
{[%clk 0:00:49]} Kg7 {[%clk 0:07:39]} 64. Rb3 {[%clk 0:00:51]} Rd1
{[%clk 0:07:45]} 65. Kg2 {[%clk 0:00:55]} Kh6 {[%clk 0:07:00]} 66. Rb6
{[%clk 0:01:00]} f5 {[%clk 0:07:04]} 67. Rc6 {[%clk 0:00:25]} h4 {[%clk 0:05:54]}
68. gxh4 {[%clk 0:00:25]} Kh5 {[%clk 0:06:03]} 69. Kg3 {[%clk 0:00:20]} Rd3+
{[%clk 0:06:09]} 70. Kf2 {[%clk 0:00:26]} Rh3 {[%clk 0:05:56]} 71. Kg2
{[%clk 0:00:15]} Rxh4 72. Kf3 Rh3+ {[%clk 0:06:06]} 73. Kf2 {[%clk 0:00:32]} Ra3
{[%clk 0:06:11]} 74. Rd6 {[%clk 0:00:39]} Kg4 {[%clk 0:05:42]} 75. Rxg6+
{[%clk 0:00:47]} Kxf4 {[%clk 0:05:51]} 76. Rg8 {[%clk 0:00:53]} Ra2+
{[%clk 0:06:00]} 77. Kf1 {[%clk 0:00:35]} Kf3 {[%clk 0:06:09]} 78. Kg1
{[%clk 0:00:34]} Ra1+ {[%clk 0:05:40]} 79. Kh2 {[%clk 0:00:42]} f4
{[%clk 0:05:49]} 80. Rb8 {[%clk 0:00:40]} Re1 {[%clk 0:05:51]} 81. Rb4
{[%clk 0:00:35]} Re4 {[%clk 0:05:58]} 82. Rb3+ {[%clk 0:00:25]} Kf2
{[%clk 0:06:01]} 83. Rb2+ {[%clk 0:00:12]} Re2 {[%clk 0:06:08]} 84. Rb4
{[%clk 0:00:20]} f3 {[%clk 0:06:10]} 85. Kh3 {[%clk 0:00:15]} Kf1
{[%clk 0:05:29]} 86. Rf4 {[%clk 0:00:12]} f2 {[%clk 0:05:29]} 87. Rc4
{[%clk 0:00:16]} Kg1 {[%clk 0:05:22]} 88. Rg4+ {[%clk 0:00:20]} Kh1
{[%clk 0:05:28]} 89. Rf4 {[%clk 0:00:17]} Re3+ {[%clk 0:05:36]} 90. Kg4
{[%clk 0:00:20]} Kg2 {[%clk 0:05:44]} 0-1

[Event "Turniej Przyjazni Polsko-Wegierskiej"]
[Site "Katowice"]
[Date "2018.05.05"]
[Round "5.19"]
[White "Majdan, Joanna"]
[Black "Wiecek, Pawel"]
[Result "1-0"]
[BlackElo "2009"]
[WhiteElo "2260"]
[LiveChessVersion "1.4.8"]

1. e4 {[%clk 0:15:18]} d6 {[%clk 0:15:16]} 2. d4 {[%clk 0:15:26]} Nf6
{[%clk 0:15:24]} 3. Nc3 {[%clk 0:15:34]} g6 {[%clk 0:15:31]} 4. h3
{[%clk 0:15:39]} Bg7 {[%clk 0:15:38]} 5. Nf3 {[%clk 0:15:46]} O-O
{[%clk 0:15:44]} 6. Be3 {[%clk 0:15:53]} c6 {[%clk 0:15:46]} 7. a4
{[%clk 0:15:57]} Nbd7 {[%clk 0:15:38]} 8. a5 {[%clk 0:15:59]} b5 {[%clk 0:14:59]}
9. axb6 {[%clk 0:16:00]} Nxb6 {[%clk 0:15:06]} 10. Be2 {[%clk 0:15:09]} Be6
{[%clk 0:14:43]} 11. Nd2 {[%clk 0:15:14]} Ne8 {[%clk 0:13:22]} 12. Ra3
{[%clk 0:14:05]} f5 {[%clk 0:12:33]} 13. f3 {[%clk 0:13:55]} f4 {[%clk 0:12:31]}
14. Bf2 {[%clk 0:14:03]} Qd7 {[%clk 0:10:47]} 15. d5 {[%clk 0:14:07]} Bxc3
{[%clk 0:06:34]} 16. bxc3 {[%clk 0:13:22]} Nxd5 {[%clk 0:06:37]} 17. exd5
{[%clk 0:13:27]} Bxd5 {[%clk 0:06:43]} 18. Nc4 {[%clk 0:12:21]} Nc7
{[%clk 0:06:19]} 19. Na5 {[%clk 0:10:47]} e5 {[%clk 0:05:15]} 20. c4
{[%clk 0:10:38]} Bf7 {[%clk 0:05:12]} 21. Nb7 {[%clk 0:09:41]} d5
{[%clk 0:03:59]} 22. O-O {[%clk 0:08:08]} Qf5 {[%clk 0:01:03]} 23. Nd6
{[%clk 0:08:03]} Qg5 {[%clk 0:00:53]} 24. Nxf7 {[%clk 0:08:10]} Rxf7
{[%clk 0:01:01]} 25. Rxa7 {[%clk 0:07:51]} Rxa7 {[%clk 0:01:08]} 26. Bxa7
{[%clk 0:08:00]} e4 {[%clk 0:00:52]} 27. cxd5 {[%clk 0:07:56]} Nxd5
{[%clk 0:00:46]} 28. Bd4 {[%clk 0:07:36]} e3 {[%clk 0:00:29]} 29. Bb2
{[%clk 0:06:38]} c5 {[%clk 0:00:17]} 30. Bc4 {[%clk 0:06:32]} Rd7
{[%clk 0:00:25]} 31. Qd3 {[%clk 0:05:27]} Kf8 {[%clk 0:00:34]} 32. Ra1
{[%clk 0:04:11]} Nb6 {[%clk 0:00:25]} 33. Ra8+ {[%clk 0:04:04]} Ke7
{[%clk 0:00:34]} 34. Qe4+ {[%clk 0:03:56]} Kd6 {[%clk 0:00:43]} 35. Qe6+
{[%clk 0:03:51]} Kc7 {[%clk 0:00:44]} 36. Be5+ {[%clk 0:03:21]} Kb7
{[%clk 0:00:48]} 37. Rb8+ {[%clk 0:03:29]} 1-0

[Event "Turniej Przyjazni Polsko-Wegierskiej"]
[Site "Katowice"]
[Date "2018.05.05"]
[Round "5.20"]
[White "Flis, Jacek"]
[Black "Brylski, Pawel"]
[Result "1-0"]
[BlackElo "1918"]
[WhiteElo "2164"]
[LiveChessVersion "1.4.8"]

1. e4 {[%clk 0:15:17]} c5 {[%clk 0:15:19]} 2. Nf3 {[%clk 0:15:24]} Nc6
{[%clk 0:15:28]} 3. d4 {[%clk 0:15:21]} cxd4 {[%clk 0:15:36]} 4. Nxd4
{[%clk 0:15:30]} Nf6 {[%clk 0:15:45]} 5. Nc3 {[%clk 0:15:32]} e5 {[%clk 0:15:53]}
6. Ndb5 {[%clk 0:15:31]} d6 {[%clk 0:16:00]} 7. Bg5 {[%clk 0:15:10]} a6
{[%clk 0:16:08]} 8. Na3 {[%clk 0:15:16]} Be6 {[%clk 0:16:16]} 9. Nc4
{[%clk 0:14:51]} Rb8 {[%clk 0:16:13]} 10. a4 {[%clk 0:12:23]} Nb4
{[%clk 0:15:58]} 11. Be2 {[%clk 0:11:20]} Rc8 {[%clk 0:15:41]} 12. Ne3
{[%clk 0:11:11]} Be7 {[%clk 0:13:13]} 13. O-O {[%clk 0:10:05]} Qa5
{[%clk 0:12:50]} 14. Bxf6 {[%clk 0:07:22]} gxf6 {[%clk 0:12:48]} 15. Bg4
{[%clk 0:06:33]} Rg8 {[%clk 0:12:17]} 16. Bf5 {[%clk 0:06:16]} Rg7
{[%clk 0:08:20]} 17. Qh5 {[%clk 0:05:40]} Kd7 {[%clk 0:08:04]} 18. Rad1
{[%clk 0:04:30]} Rcg8 {[%clk 0:08:06]} 19. g3 {[%clk 0:04:32]} Kc7
{[%clk 0:07:27]} 20. Qh3 {[%clk 0:03:48]} Kd7 {[%clk 0:06:38]} 21. Rd2
{[%clk 0:03:43]} Qc5 {[%clk 0:05:06]} 22. Rfd1 {[%clk 0:03:39]} Nc6
{[%clk 0:04:22]} 23. Ne2 {[%clk 0:02:24]} Rg5 {[%clk 0:02:13]} 24. Qxh7
{[%clk 0:01:42]} R8g7 {[%clk 0:02:20]} 25. Qh3 {[%clk 0:01:34]} Nd8
{[%clk 0:01:27]} 26. c3 {[%clk 0:01:25]} Ke8 {[%clk 0:01:30]} 27. b4
{[%clk 0:01:13]} Qc6 {[%clk 0:01:27]} 28. Bxe6 {[%clk 0:00:48]} fxe6
{[%clk 0:01:29]} 29. c4 {[%clk 0:00:50]} Qxe4 {[%clk 0:01:23]} 30. Nc3
{[%clk 0:00:46]} Qg6 {[%clk 0:01:23]} 31. a5 {[%clk 0:00:46]} Rh5
{[%clk 0:01:20]} 32. Qg2 {[%clk 0:00:53]} Nc6 {[%clk 0:01:27]} 33. b5
{[%clk 0:00:35]} Nd4 {[%clk 0:01:22]} 34. Qxb7 {[%clk 0:00:34]} d5
{[%clk 0:01:24]} 35. Rxd4 {[%clk 0:00:36]} exd4 {[%clk 0:01:32]} 36. Rxd4
{[%clk 0:00:40]} Rgh7 {[%clk 0:01:22]} 37. h4 {[%clk 0:00:18]} Rxh4
{[%clk 0:01:01]} 38. Rxh4 {[%clk 0:00:19]} Rxh4 {[%clk 0:01:09]} 39. cxd5
{[%clk 0:00:23]} exd5 {[%clk 0:00:41]} 40. Qxd5 {[%clk 0:00:18]} Rh5
{[%clk 0:00:46]} 41. Qc6+ {[%clk 0:00:25]} Kf8 {[%clk 0:00:54]} 42. bxa6
{[%clk 0:00:28]} Rxa5 {[%clk 0:01:03]} 43. Qc8+ Kg7 {[%clk 0:01:11]} 44. Qc7
{[%clk 0:00:28]} Ra1+ {[%clk 0:01:19]} 45. Kg2 {[%clk 0:00:37]} Kf7
{[%clk 0:01:18]} 46. Ned5 {[%clk 0:00:49]} Re1 {[%clk 0:01:35]} 47. Qc4 Kf8 48.
a7 {[%clk 0:00:53]} Ra1 {[%clk 0:01:29]} 49. Qc8+ {[%clk 0:00:58]} Kg7
{[%clk 0:01:38]} 50. a8=Q {[%clk 0:00:57]} 1-0

[Event "Turniej Przyjazni Polsko-Wegierskiej"]
[Site "Katowice"]
[Date "2018.05.05"]
[Round "6.1"]
[White "Lewicki, Miroslaw"]
[Black "Socko, Bartosz"]
[Result "1/2-1/2"]
[BlackElo "2630"]
[WhiteElo "2294"]
[LiveChessVersion "1.4.8"]

1. e4 {[%clk 0:15:18]} c6 {[%clk 0:15:19]} 2. d4 {[%clk 0:15:23]} d5
{[%clk 0:15:27]} 3. e5 {[%clk 0:15:12]} Bf5 {[%clk 0:15:34]} 4. Nf3
{[%clk 0:15:07]} e6 {[%clk 0:15:42]} 5. Bd3 {[%clk 0:15:04]} Bxd3
{[%clk 0:15:49]} 6. Qxd3 {[%clk 0:15:12]} Qa5+ {[%clk 0:15:40]} 7. c3
{[%clk 0:15:12]} Qa6 {[%clk 0:15:48]} 8. Qxa6 {[%clk 0:13:30]} Nxa6
{[%clk 0:15:55]} 9. Be3 {[%clk 0:13:22]} c5 {[%clk 0:15:29]} 10. Nbd2
{[%clk 0:13:08]} Rc8 {[%clk 0:14:56]} 11. Ke2 {[%clk 0:12:52]} Ne7
{[%clk 0:15:00]} 12. dxc5 {[%clk 0:12:48]} Nxc5 {[%clk 0:15:07]} 13. Bxc5
{[%clk 0:11:49]} Rxc5 {[%clk 0:15:15]} 14. Nd4 {[%clk 0:11:55]} Ng6
{[%clk 0:15:01]} 15. N2f3 {[%clk 0:11:28]} Nf4+ {[%clk 0:14:58]} 16. Kf1
{[%clk 0:10:05]} Be7 {[%clk 0:15:04]} 17. g3 {[%clk 0:10:01]} Ng6
{[%clk 0:14:29]} 18. Re1 {[%clk 0:09:44]} Kd7 {[%clk 0:14:30]} 19. h4
{[%clk 0:09:32]} h5 {[%clk 0:14:30]} 20. Nd2 {[%clk 0:09:17]} Re8
{[%clk 0:12:15]} 21. Kg2 {[%clk 0:09:08]} f6 {[%clk 0:11:43]} 22. N2b3
{[%clk 0:08:27]} Rcc8 {[%clk 0:11:07]} 23. Nf3 {[%clk 0:08:19]} Bc5
{[%clk 0:09:43]} 24. Re2 {[%clk 0:07:48]} Bb6 {[%clk 0:09:37]} 25. Rd1
{[%clk 0:07:47]} Rf8 {[%clk 0:08:48]} 26. Nbd4 {[%clk 0:07:11]} Bxd4
{[%clk 0:08:55]} 27. Rxd4 {[%clk 0:07:16]} Rf7 {[%clk 0:08:35]} 28. a4
{[%clk 0:06:10]} fxe5 {[%clk 0:07:21]} 29. Nxe5+ {[%clk 0:06:18]} Nxe5
{[%clk 0:07:30]} 30. Rxe5 {[%clk 0:06:26]} g6 {[%clk 0:07:38]} 31. f4
{[%clk 0:06:11]} Kd6 {[%clk 0:07:39]} 32. Kf3 {[%clk 0:05:59]} Rf5
{[%clk 0:07:18]} 33. Re2 {[%clk 0:05:21]} e5 {[%clk 0:07:25]} 34. Rxe5
{[%clk 0:04:05]} Rxe5 {[%clk 0:07:33]} 35. fxe5+ {[%clk 0:04:14]} Kxe5
{[%clk 0:07:42]} 36. Rb4 {[%clk 0:04:19]} b6 {[%clk 0:06:20]} 37. a5
{[%clk 0:04:24]} bxa5 {[%clk 0:03:28]} 38. Rb7 {[%clk 0:04:21]} Rc5
{[%clk 0:02:30]} 39. Ke3 {[%clk 0:03:41]} a6 {[%clk 0:02:04]} 40. Rb6
{[%clk 0:03:49]} Kf5 {[%clk 0:02:11]} 41. Kd4 {[%clk 0:02:40]} Rb5
{[%clk 0:02:20]} 42. Rxa6 {[%clk 0:02:48]} Rxb2 {[%clk 0:01:42]} 43. Rxa5
{[%clk 0:02:18]} Kg4 {[%clk 0:00:51]} 44. Rxd5 {[%clk 0:01:13]} Kxg3
{[%clk 0:00:58]} 45. Rg5+ {[%clk 0:01:21]} Kxh4 {[%clk 0:01:07]} 1/2-1/2

[Event "Turniej Przyjazni Polsko-Wegierskiej"]
[Site "Katowice"]
[Date "2018.05.05"]
[Round "6.2"]
[White "Klekowski, Maciej"]
[Black "Teclaf, Pawel"]
[Result "1/2-1/2"]
[BlackElo "2241"]
[WhiteElo "2536"]
[LiveChessVersion "1.4.8"]

1. c4 {[%clk 0:15:17]} b6 {[%clk 0:15:14]} 2. Nc3 {[%clk 0:15:19]} Bb7
{[%clk 0:15:22]} 3. d4 {[%clk 0:15:28]} e6 {[%clk 0:15:31]} 4. e4
{[%clk 0:15:01]} Bb4 {[%clk 0:15:33]} 5. f3 {[%clk 0:14:53]} Ne7 {[%clk 0:15:14]}
6. Bd3 {[%clk 0:14:54]} e5 {[%clk 0:15:22]} 7. a3 {[%clk 0:14:30]} Bxc3+
{[%clk 0:15:18]} 8. bxc3 {[%clk 0:14:39]} Nbc6 {[%clk 0:15:01]} 9. Ne2
{[%clk 0:14:48]} d6 {[%clk 0:15:10]} 10. O-O {[%clk 0:14:45]} O-O
{[%clk 0:15:00]} 11. c5 {[%clk 0:14:25]} exd4 {[%clk 0:12:03]} 12. cxd4
{[%clk 0:14:20]} dxc5 {[%clk 0:12:12]} 13. dxc5 {[%clk 0:14:24]} Ne5
{[%clk 0:12:20]} 14. Bc2 {[%clk 0:11:14]} Ba6 {[%clk 0:12:29]} 15. f4
{[%clk 0:07:29]} Qxd1 {[%clk 0:11:15]} 16. Bxd1 {[%clk 0:07:27]} Nd3
{[%clk 0:10:18]} 17. cxb6 {[%clk 0:07:24]} axb6 {[%clk 0:09:57]} 18. Be3
{[%clk 0:06:31]} Nb2 {[%clk 0:09:40]} 19. Ra2 {[%clk 0:06:09]} Nxd1
{[%clk 0:09:45]} 20. Rxd1 {[%clk 0:06:19]} Bc4 {[%clk 0:09:54]} 21. Rad2
{[%clk 0:06:10]} Rxa3 {[%clk 0:09:49]} 22. Kf2 {[%clk 0:06:19]} Nc6
{[%clk 0:07:25]} 23. Rc1 {[%clk 0:02:26]} Na5 {[%clk 0:07:34]} 24. Ng3
{[%clk 0:02:05]} c5 {[%clk 0:05:56]} 25. Rd6 {[%clk 0:01:55]} Be6
{[%clk 0:05:12]} 26. Rxb6 {[%clk 0:01:24]} Nc4 {[%clk 0:05:21]} 27. Rxe6
{[%clk 0:01:31]} Nxe3 {[%clk 0:04:29]} 28. Rc6 {[%clk 0:01:39]} c4
{[%clk 0:04:37]} 29. Nf1 {[%clk 0:01:35]} Nxf1 {[%clk 0:03:35]} 30. Kxf1
{[%clk 0:01:44]} Ra2 {[%clk 0:03:41]} 31. R6xc4 {[%clk 0:01:50]} g6
{[%clk 0:03:48]} 32. R1c2 {[%clk 0:01:51]} Rfa8 {[%clk 0:03:42]} 33. Kf2
{[%clk 0:01:32]} R8a4 {[%clk 0:03:32]} 34. Kf3 {[%clk 0:01:01]} Kg7
{[%clk 0:03:33]} 35. R4c3 {[%clk 0:00:34]} R4a3 {[%clk 0:03:27]} 36. Rxa3
{[%clk 0:00:35]} Rxc2 {[%clk 0:03:35]} 37. h4 {[%clk 0:00:38]} h5
{[%clk 0:03:25]} 38. g3 {[%clk 0:00:40]} Rc5 {[%clk 0:03:21]} 39. Ke3
{[%clk 0:00:46]} Rc4 {[%clk 0:03:24]} 40. Kd3 {[%clk 0:00:43]} Rb4
{[%clk 0:03:34]} 41. Rc3 {[%clk 0:00:32]} Ra4 {[%clk 0:03:41]} 42. Rb3
{[%clk 0:00:41]} Kf6 {[%clk 0:03:43]} 43. Ke3 {[%clk 0:00:32]} Kg7
{[%clk 0:03:46]} 44. e5 {[%clk 0:00:37]} Rc4 {[%clk 0:03:53]} 45. Rd3
{[%clk 0:00:42]} Ra4 {[%clk 0:03:59]} 46. Kf3 {[%clk 0:00:34]} Rb4
{[%clk 0:04:04]} 47. g4 {[%clk 0:00:36]} hxg4+ {[%clk 0:04:07]} 48. Kxg4
{[%clk 0:00:44]} Rb1 {[%clk 0:03:58]} 49. Rd7 {[%clk 0:00:40]} Rg1+
{[%clk 0:04:00]} 50. Kf3 {[%clk 0:00:49]} Kf8 {[%clk 0:04:00]} 51. Rd2
{[%clk 0:00:43]} Rh1 {[%clk 0:03:36]} 52. Kg3 {[%clk 0:00:51]} Rg1+
{[%clk 0:03:41]} 53. Rg2 {[%clk 0:01:00]} Rh1 {[%clk 0:03:50]} 54. Rh2
{[%clk 0:00:59]} Rg1+ {[%clk 0:03:55]} 55. Kf2 {[%clk 0:01:08]} Ra1
{[%clk 0:04:00]} 56. Kf3 {[%clk 0:01:09]} Rf1+ {[%clk 0:04:03]} 57. Kg3
{[%clk 0:01:14]} Rg1+ {[%clk 0:04:12]} 58. Rg2 {[%clk 0:01:23]} Rh1
{[%clk 0:04:21]} 59. Kg4 {[%clk 0:01:30]} Ke7 {[%clk 0:03:50]} 60. Kg5
{[%clk 0:01:09]} Rh3 {[%clk 0:03:46]} 61. Kg4 {[%clk 0:00:37]} Rh1
{[%clk 0:03:55]} 62. Kg5 {[%clk 0:00:46]} Rh3 {[%clk 0:04:04]} 63. Rg4
{[%clk 0:00:50]} Ke6 {[%clk 0:04:03]} 64. Rg1 {[%clk 0:00:35]} Ke7
{[%clk 0:04:09]} 65. Kg4 {[%clk 0:00:35]} Rh2 {[%clk 0:04:14]} 66. Ra1
{[%clk 0:00:42]} Rg2+ {[%clk 0:04:05]} 67. Kf3 {[%clk 0:00:51]} Rh2
{[%clk 0:04:07]} 68. Kg3 {[%clk 0:00:59]} Rb2 {[%clk 0:04:15]} 69. Ra7+
{[%clk 0:00:46]} Kf8 {[%clk 0:03:51]} 70. Kg4 {[%clk 0:00:43]} Rg2+
{[%clk 0:03:59]} 71. Kf3 {[%clk 0:00:53]} Rh2 {[%clk 0:04:08]} 72. Kg3
{[%clk 0:01:02]} Rb2 {[%clk 0:04:17]} 73. Ra6 {[%clk 0:00:57]} Re2
{[%clk 0:03:57]} 74. Ra3 {[%clk 0:00:49]} Ke7 {[%clk 0:03:38]} 75. Ra8
{[%clk 0:00:43]} Re1 {[%clk 0:02:56]} 76. Kg2 {[%clk 0:00:26]} Re2+
{[%clk 0:02:54]} 77. Kf3 {[%clk 0:00:32]} Rh2 {[%clk 0:02:42]} 78. Rh8
{[%clk 0:00:38]} Rh3+ {[%clk 0:02:34]} 79. Kg4 {[%clk 0:00:39]} Rh1
{[%clk 0:02:33]} 80. h5 {[%clk 0:00:33]} Rxh5 {[%clk 0:02:29]} 81. Rxh5
{[%clk 0:00:42]} gxh5+ {[%clk 0:02:38]} 82. Kxh5 {[%clk 0:00:51]} f6
{[%clk 0:02:47]} 83. e6 {[%clk 0:01:01]} f5 {[%clk 0:02:56]} 84. Kg6
{[%clk 0:01:06]} Kxe6 {[%clk 0:03:05]} 85. Kg5 {[%clk 0:01:15]} Ke7
{[%clk 0:03:14]} 86. Kxf5 {[%clk 0:01:22]} 1/2-1/2

[Event "Turniej Przyjazni Polsko-Wegierskiej"]
[Site "Katowice"]
[Date "2018.05.05"]
[Round "6.3"]
[White "Hnydiuk, Aleksander"]
[Black "Kazakov, Mikhail"]
[Result "1-0"]
[BlackElo "2382"]
[WhiteElo "2408"]
[LiveChessVersion "1.4.8"]

1. Nf3 {[%clk 0:15:17]} d5 {[%clk 0:13:20]} 2. d4 {[%clk 0:15:18]} c6
{[%clk 0:13:28]} 3. c4 {[%clk 0:15:20]} Nf6 {[%clk 0:13:36]} 4. e3
{[%clk 0:15:08]} e6 {[%clk 0:13:42]} 5. b3 {[%clk 0:14:50]} Bb4+ {[%clk 0:13:38]}
6. Nbd2 {[%clk 0:14:57]} O-O {[%clk 0:11:57]} 7. Bd3 {[%clk 0:15:01]} c5
{[%clk 0:11:55]} 8. O-O {[%clk 0:08:18]} cxd4 {[%clk 0:11:30]} 9. exd4
{[%clk 0:08:23]} b6 {[%clk 0:11:00]} 10. Bb2 {[%clk 0:07:59]} Bb7
{[%clk 0:10:31]} 11. Ne5 {[%clk 0:07:05]} Nbd7 {[%clk 0:07:04]} 12. Ndf3
{[%clk 0:06:37]} Ne4 {[%clk 0:07:07]} 13. Nxd7 {[%clk 0:03:59]} Qxd7
{[%clk 0:07:13]} 14. Ne5 {[%clk 0:04:07]} Qd8 {[%clk 0:06:10]} 15. Bxe4
{[%clk 0:01:30]} dxe4 {[%clk 0:06:12]} 16. c5 {[%clk 0:01:37]} bxc5
{[%clk 0:05:36]} 17. a3 {[%clk 0:01:44]} Ba5 {[%clk 0:05:13]} 18. dxc5
{[%clk 0:01:52]} Bd5 {[%clk 0:04:41]} 19. b4 {[%clk 0:01:26]} Bc7
{[%clk 0:04:49]} 20. Qe2 {[%clk 0:00:20]} Qg5 {[%clk 0:00:38]} 21. f4
{[%clk 0:00:25]} exf3 {[%clk 0:00:39]} 22. Nxf3 {[%clk 0:00:34]} Qh5
{[%clk 0:00:47]} 23. Rae1 {[%clk 0:00:27]} Bxf3 {[%clk 0:00:40]} 24. gxf3
{[%clk 0:00:35]} Rad8 {[%clk 0:00:37]} 25. Rd1 {[%clk 0:00:43]} h6
{[%clk 0:00:33]} 26. Qg2 {[%clk 0:00:20]} f6 {[%clk 0:00:29]} 27. Rxd8
{[%clk 0:00:20]} Bxd8 {[%clk 0:00:34]} 28. Qg4 {[%clk 0:00:19]} Qd5
{[%clk 0:00:20]} 29. Qe4 {[%clk 0:00:27]} Qg5+ {[%clk 0:00:19]} 30. Qg4
{[%clk 0:00:31]} Qd5 {[%clk 0:00:19]} 31. Qe4 {[%clk 0:00:39]} Qg5+
{[%clk 0:00:22]} 32. Kh1 {[%clk 0:00:48]} e5 {[%clk 0:00:13]} 33. Bc1
{[%clk 0:00:43]} Qh5 {[%clk 0:00:21]} 34. Qg4 {[%clk 0:00:32]} Qxg4
{[%clk 0:00:19]} 35. fxg4 {[%clk 0:00:41]} Kf7 {[%clk 0:00:27]} 36. Rd1
{[%clk 0:00:45]} Ke6 {[%clk 0:00:37]} 37. Rd6+ {[%clk 0:00:49]} Kf7
{[%clk 0:00:37]} 38. Ra6 {[%clk 0:00:58]} Be7 {[%clk 0:00:47]} 39. Rxa7 Rd8 40.
Be3 {[%clk 0:01:02]} Rd3 {[%clk 0:01:02]} 41. Bf2 {[%clk 0:01:03]} e4
{[%clk 0:00:59]} 42. Kg2 {[%clk 0:01:10]} Ke6 {[%clk 0:00:40]} 43. Kf1
{[%clk 0:01:13]} Rd2 {[%clk 0:00:25]} 44. c6 {[%clk 0:00:29]} Rc2
{[%clk 0:00:20]} 45. c7 {[%clk 0:00:18]} Bd6 {[%clk 0:00:11]} 46. Bc5
{[%clk 0:00:16]} Rc1+ {[%clk 0:00:12]} 47. Ke2 {[%clk 0:00:25]} Kd7
{[%clk 0:00:11]} 48. c8=Q+ {[%clk 0:00:21]} Kxc8 {[%clk 0:00:19]} 49. Bxd6
{[%clk 0:00:30]} g6 {[%clk 0:00:24]} 50. b5 {[%clk 0:00:31]} Rb1 {[%clk 0:00:28]}
51. a4 {[%clk 0:00:32]} f5 {[%clk 0:00:36]} 52. gxf5 {[%clk 0:00:40]} gxf5
{[%clk 0:00:45]} 53. Rc7+ {[%clk 0:00:42]} Kd8 {[%clk 0:00:54]} 54. Rf7
{[%clk 0:00:51]} Rb2+ {[%clk 0:00:58]} 55. Ke3 {[%clk 0:00:54]} Rb3+
{[%clk 0:01:07]} 56. Kf4 {[%clk 0:00:54]} Rd3 {[%clk 0:01:03]} 57. Bc5
{[%clk 0:00:41]} Rf3+ {[%clk 0:01:00]} 58. Ke5 {[%clk 0:00:50]} e3
{[%clk 0:01:09]} 59. Rxf5 {[%clk 0:00:34]} e2 {[%clk 0:01:18]} 60. Bb4
{[%clk 0:00:42]} Rb3 {[%clk 0:00:19]} 61. Ba5+ {[%clk 0:00:47]} Ke7
{[%clk 0:00:26]} 62. Kd5 {[%clk 0:00:35]} Rd3+ {[%clk 0:00:17]} 63. Kc4
{[%clk 0:00:43]} Ra3 {[%clk 0:00:24]} 64. Re5+ {[%clk 0:00:43]} Kd7
{[%clk 0:00:26]} 65. Rxe2 {[%clk 0:00:51]} Rxa4+ {[%clk 0:00:35]} 66. Bb4
{[%clk 0:01:00]} Ra1 {[%clk 0:00:41]} 67. Re7+ {[%clk 0:01:03]} Kd8
{[%clk 0:00:46]} 68. Rh7 {[%clk 0:01:09]} Rc1+ {[%clk 0:00:50]} 69. Bc3
{[%clk 0:01:18]} 1-0